Court Appeal Civil Appeal No.44 of 20000 Pamela Sabin Mbabazi VSHenry Mugish (Record no. 3363)

MARC details
000 -LEADER
fixed length control field 01239nam a22000977a 4500
008 - FIXED-LENGTH DATA ELEMENTS--GENERAL INFORMATION
fixed length control field 110620t xxu||||| |||| 00| 0 eng d
010 ## - LIBRARY OF CONGRESS CONTROL NUMBER
LC control number Court Appeal Civil A[ppeal No. 44of 2000 Pamela Sabina M CACAF45
245 ## - TITLE STATEMENT
Title Court Appeal Civil Appeal No.44 of 20000 Pamela Sabin Mbabazi VSHenry Mugish
260 ## - PUBLICATION, DISTRIBUTION, ETC. (IMPRINT)
Date of publication, distribution, etc 2004
500 ## - GENERAL NOTE
Materials specified CORAM: HON. JUSTICE L.E.M. MUKASA -KIKONYOGO,DCJ<br/> HON. JUSTICE C.N.B. KITUMBA, JA.<br/> HON JUSTICE S.B.K.KAVUMA,JA.
General note Appeal from the judgment of the high court in matrimonial case No. 5/2000 at Kampala before justice Moses Mukiibi dated 4 april 2004
Holdings
Withdrawn status Lost status Source of classification or shelving scheme Damaged status Koha normalized classification for sorting Not for loan Location (home branch) Sublocation or collection (holding branch) Shelving location Date acquired Koha issues (times borrowed) Koha full call number Piece designation (barcode) Koha date last seen Price effective from Koha item type
    Dewey Decimal Classification   442004   Law Development Centre Main Library Archives Law Reports 06/20/2011   44/2004 44/2004/1 06/20/2011 06/20/2011 Un Reported Cases